| 000 | 00910nam a2200241 a 4500 | ||
|---|---|---|---|
| 999 |
_c11006 _d11006 |
||
| 001 | 11006 | ||
| 003 | BD-JhCC | ||
| 005 | 20190723083144.0 | ||
| 008 | 180723s20132014bg a|||| |||| 000 0 ben d | ||
| 020 | _a9789848866672 | ||
| 035 | _a(BD-JhCC)11006 | ||
| 040 |
_aBD-JhCC _dBD-JhCC |
||
| 041 | _aben | ||
| 082 |
_a833.912 _bKAF 2014 |
||
| 100 | _aকাফকা, ফ্রানৎস | ||
| 245 |
_aফ্রানৎস কাফকা গল্পসমগ্র / _cফ্রানৎস কাফকা, অনু. মাসরুর আরেফিন |
||
| 260 |
_aঢাকা : _bপাঠক সমাবেশ, _c২০১৪. |
||
| 300 |
_a৪৭৩ পৃ. : _bপৃষ্ঠা শেষে চিত্রবলী, _c২২ সেমি. |
||
| 600 |
_aKafka, Franz _d1883-1924 |
||
| 650 |
_aShort stories, _z Austrian |
||
| 700 | _aআরেফিন, মাসরুর | ||
| 942 |
_2ddc _cBK |
||